Culture Générale - Série 343 - Statistiques

Statistiques générales
  • Ce quiz a été pris 205 fois
  • Le résultat moyen est 4 sur 10
Statistiques - réponses
Question Réponse % Correct
De quel animal mangez-vous la viande en dégustant un chateaubriand ? Le boeuf
85%
Dans quel roman de Victor Hugo rencontre-t-on "Le Père Fauchelevent" ? Les Misérables
62%
Quel personnage est associé à une houppe dans un conte de Perrault ? Riquet
54%
Qui joue la fiancée de James Stewart dans "Fenêtre sur cour" en 1955 ? Grace Kelly
48%
Quel comédien interprète la chanson "Maintenant je sais" en 1974 ? Jean Gabin
34%
Qu'est-ce que Matt Damon a dans la peau selon le titre d'un film de 2007 ? La vengeance
34%
Quelle héroïne de Daudet et Bizet sert à désigner quelqu'un d'absent ? L'Arlésienne
32%
En 1962, qui se fait du cinéma sur l'écran noir de ses nuits blanches ? Claude Nougaro
30%
De quel jeu Paul Newman est-il un expert dans le film "L'Arnaqueur" ? Le billard
22%
Chez les Guignols, qui finit souvent ses phrases par "Et pis c'est tout" ? Philippe Lucas
18%
Aucun quiz correspondant
Distribution des résultats
% des personnes avec chaque résultat
Percentile par nombre de réponses
Votre historique - résultats
Vous n’avez pas pris ce quiz